|
|
|
|
| LEADER |
01111ppm a22003018a 4500 |
| 001 |
00030455 |
| 005 |
20171026081023.0 |
| 008 |
130319s2004 ||||||viesd |
| 041 |
0 |
# |
|a vie
|
| 082 |
1 |
4 |
|b Đ103C
|a 515
|
| 100 |
1 |
# |
|a Lê, Ngọc Trúc Thanh
|
| 245 |
1 |
0 |
|a Đại cương về thống kê
|b Tiểu luận. Ngành :Toán- Tin
|c Lê Ngọc Trúc Thanh; Lê Hiển Dương (hướng dẫn)
|
| 260 |
# |
# |
|b Trường Đại học Đồng Tháp
|c 2004
|a Đồng Tháp
|
| 300 |
# |
# |
|a 34 tr.
|c 30 cm.
|b hình vẽ
|
| 500 |
# |
# |
|a ĐTTTS ghi: Bộ Giáo dục và Đào tạo Đồng Tháp. Trường Đại học Sư phạm Đồng Tháp. Khoa Toán
|
| 650 |
|
|
|a Đại số
|
| 653 |
# |
# |
|a Thống kê
|
| 653 |
# |
# |
|a Xác suất
|
| 653 |
# |
# |
|a Đại cương
|
| 700 |
1 |
# |
|a Lê, Hiển Dương
|e hướng dẫn
|
| 852 |
# |
# |
|b Kho đọc
|j KD.0011781
|
| 852 |
# |
# |
|j KD.0011781
|
| 910 |
# |
# |
|d 19/03/2013
|
| 980 |
# |
# |
|a Trung tâm Học liệu Lê Vũ Hùng, Trường Đại học Đồng Tháp
|